Alexander Hamilton : (Record no. 9614)
[ view plain ]
| 000 -LEADER | |
|---|---|
| fixed length control field | 00613nam a22002057a 4500 |
| 003 - CONTROL NUMBER IDENTIFIER | |
| control field | OSt |
| 005 - DATE AND TIME OF LATEST TRANSACTION | |
| control field | 20140310182126.0 |
| 008 - FIXED-LENGTH DATA ELEMENTS--GENERAL INFORMATION | |
| fixed length control field | 130828t xxu||||| |||| 00| 0 eng d |
| 050 ## - LIBRARY OF CONGRESS CALL NUMBER | |
| Classification number | E 302.6.H2 |
| Item number | .M58 1959 |
| 082 ## - DEWEY DECIMAL CLASSIFICATION NUMBER | |
| Classification number | HS 973.2 |
| Item number | .M612 1959 |
| 100 ## - MAIN ENTRY--PERSONAL NAME | |
| Personal name | Miller, John Chester, |
| Dates associated with a name | 1907- |
| 9 (RLIN) | 14337 |
| 245 ## - TITLE STATEMENT | |
| Title | Alexander Hamilton : |
| Remainder of title | and the growth of the new nation / |
| Statement of responsibility, etc | John C. Miller. |
| 250 ## - EDITION STATEMENT | |
| Edition statement | First Harper Torchbook ed. |
| 260 ## - PUBLICATION, DISTRIBUTION, ETC. (IMPRINT) | |
| Place of publication, distribution, etc | New York : |
| Name of publisher, distributor, etc | Harper Torchbooks, |
| Date of publication, distribution, etc | c1959. |
| 300 ## - PHYSICAL DESCRIPTION | |
| Extent | x,659,11 p, ; |
| Dimensions | 20 cm. |
| 541 ## - IMMEDIATE SOURCE OF ACQUISITION NOTE | |
| -- | 1 |
| 562 ## - COPY AND VERSION IDENTIFICATION NOTE | |
| Number of copies | 1 |
| 650 ## - SUBJECT ADDED ENTRY--TOPICAL TERM | |
| Topical term or geographic name as entry element | Alexander Hamilton. |
| 942 ## - ADDED ENTRY ELEMENTS (KOHA) | |
| Source of classification or shelving scheme | Library of Congress Classification |
| Koha item type | |
| Withdrawn status | Lost status | Source of classification or shelving scheme | Damaged status | Home library | Current library | Shelving location | Date acquired | Total Checkouts | Full call number | Barcode | Date last seen | Date checked out | Copy number | Price effective from | Koha item type |
|---|---|---|---|---|---|---|---|---|---|---|---|---|---|---|---|
| Library of Congress Classification | Luxembourg Library | Luxembourg Library | High School Section | 08/28/2013 | 1 | E 302.6.H2 .M58 1959 | 9127 | 02/12/2015 | 02/06/2015 | 1 | 08/28/2013 | Books |